000 00505nam a2200169 i 4500
001 95174
003 ES-MaACL
005 20230906181641.0
007 t|
008 050524s1953 fr ||||1| fre d
100 1 _aLurçat, André (
_d1894-1970)
_974841
245 1 0 _aFormes composition et lois d'harmonie... /
_cAndré Lurçat.
260 _aParis :
_bVincent Freal,
_c1953.
300 _a3 v. :
_bil. ;
_c27 cm.
650 4 _aArquitectura-
_xComposición.
_9143356
852 _aES-MaACL
_jP-691
_bR.44700
999 _c95174
_d95174